Elements of functional analysis /

সংরক্ষণ করুন:
গ্রন্থ-পঞ্জীর বিবরন
প্রধান লেখক: Hirsch, F.
অন্যান্য লেখক: Lacombe, Gilles
বিন্যাস: Sách giấy
ভাষা:Vietnamese
প্রকাশিত: New York : Springer-Verlag, 1999
মালা:Graduate texts in mathematics ; 192
ট্যাগগুলো: ট্যাগ যুক্ত করুন
কোনো ট্যাগ নেই, প্রথমজন হিসাবে ট্যাগ করুন!
Thư viện lưu trữ: Thư viện Trường Đại học Đà Lạt
LEADER 00897nam a2200325 4500
001 DLU040029951
003 ##DLU
005 ##20021230
008 ##021230t vn z000 vie d
040 # # |a DLU  |b vie 
041 # # |a vie 
044 # # |a vn 
082 # # |a 515.7  |b HI-F 
100 # # |a Hirsch, F.  |q (Francis) 
245 # # |a Elements of functional analysis /  |c Francis Hirsch, Gilles Lacombe ; translated by Silvio Levy 
260 # # |a New York :  |b Springer-Verlag,  |c 1999 
300 # # |a xiv, 393 p. ;  |c 25 cm 
490 # # |a Graduate texts in mathematics ;  |v 192 
504 # # |a Includes bibliographical references (p. [385]-386) and index 
700 # # |a Lacombe, Gilles 
923 # # |a 37/2004 
992 # # |a 20000 
994 # # |a DLU 
900 # # |a True 
911 # # |a Thái Thị Thanh Thủy 
925 # # |a G 
926 # # |a A 
927 # # |a SH 
980 # # |a Thư viện Trường Đại học Đà Lạt